[Event "Mercredi 2013.04.03 ABCD"]
[Site "Montreal CAN"]
[Date "2013.04.03"]
[Round "1"]
[White "Chiku-Ratte, Olivier-Kenta"]
[Black "Tremblay, Alain"]
[Result "1/2-1/2"]
[WhiteElo "2219"]
[BlackElo "2104"]
[PlyCount "131"]
[EventDate "2013.04.03"]
[EventType "tourn"]
[EventRounds "5"]
[EventCountry "CAN"]

1. d4 d5 2. c4 c6 3. Nf3 Nf6 4. Nc3 dxc4 5. a4 Bf5 6. Ne5 Nbd7 7. Nxc4 Qc7 8.
g3 e5 9. dxe5 Nxe5 10. Bf4 Nfd7 11. Bg2 f6 12. O-O g5 13. Bxe5 Nxe5 14. Ne3 Be6
15. Qc2 Be7 16. Be4 O-O-O 17. Rad1 h5 18. Bf5 Bxf5 19. Qxf5+ Kb8 20. Qe6 Rd6
21. Rxd6 Qxd6 22. Qxd6+ Bxd6 23. Ne4 Be7 24. Nf5 Bd8 25. Rd1 h4 26. b3 hxg3 27.
hxg3 a5 28. Nc5 Bb6 29. Nd7+ Nxd7 30. Rxd7 Rd8 31. Rf7 Rd2 32. Kf1 Rd1+ 33. Kg2
Bd8 34. e3 Rd3 35. Nd4 Bb6 36. Rxf6 Bxd4 37. exd4 Rxb3 38. Rf5 Rb4 39. Rxa5 g4
40. Rg5 Rxd4 41. a5 Ka7 42. Kf1 Re4 43. Rf5 Ka6 44. Rf4 Re5 45. Rxg4 Kxa5 46.
f4 Re8 47. f5 b5 48. Rg6 Kb6 49. Rg4 Kc5 50. f6 b4 51. f7 Rf8 52. Rf4 b3 53.
Ke2 b2 54. Rf1 Rxf7 55. Rb1 Rh7 56. Kd2 Rh2+ 57. Kc3 Rg2 58. Kb3 Kd4 59. Rd1+
Ke5 60. Rb1 Kd4 61. Rd1+ Ke3 62. Rb1 c5 63. Kc3 Ke4 64. Rxb2 Rxb2 65. Kxb2 Kd3
66. Kc1 1/2-1/2

[Event "Mercredi 2013.04.03 ABCD"]
[Site "Montreal CAN"]
[Date "2013.04.10"]
[Round "2"]
[White "Cardin, Guillaume"]
[Black "Chiku-Ratte, Olivier-Kenta"]
[Result "0-1"]
[WhiteElo "2077"]
[BlackElo "2219"]
[PlyCount "112"]
[EventDate "2013.04.03"]
[EventType "tourn"]
[EventRounds "5"]
[EventCountry "CAN"]

1. d4 Nf6 2. c4 c5 3. d5 e6 4. Nc3 exd5 5. cxd5 d6 6. Nf3 g6 7. Bf4 Bg7 8. Qa4+
Bd7 9. Qb3 Qc7 10. e4 O-O 11. h3 Re8 12. Nd2 Nxe4 13. Ncxe4 f5 14. O-O-O fxe4
15. Nc4 b5 16. Nxd6 Rf8 17. Qg3 Qa5 18. Kb1 Qb4 19. Be5 Bxe5 20. Qxe5 Rxf2 21.
Nxe4 Rf5 22. Qe7 Rf7 23. Nf6+ Kg7 24. Ne8+ Bxe8 25. Qxe8 Nd7 26. Qe3 a6 27. Be2
Qf4 28. Qc3+ Qe5 29. Qxe5+ Nxe5 30. Rhe1 c4 31. d6 Rd7 32. Rd5 Nf7 33. Bf3 Rad8
34. Re7 Rxd6 35. Rc5 R8d7 36. Rc7 Rxe7 37. Rxe7 Kf6 38. Ra7 h5 39. Kc2 Ne5 40.
Bb7 Nd3 41. Kc3 Nc5 42. Bc8 Ke5 43. b3 cxb3 44. axb3 Rd3+ 45. Kb4 Kd4 46. Rg7
Rxb3+ 47. Ka5 Ra3+ 48. Kb6 Rg3 49. Bxa6 Nxa6 50. Kxa6 b4 51. Ka5 b3 52. Ka4 b2
53. Rd7+ Kc3 54. Rc7+ Kd2 55. Rd7+ Kc2 56. Rc7+ Rc3 0-1

[Event "Mercredi 2013.04.03 ABCD"]
[Site "Montreal CAN"]
[Date "2013.04.17"]
[Round "3"]
[White "Chiku-Ratte, Olivier-Kenta"]
[Black "Leveille, Francois"]
[Result "0-1"]
[WhiteElo "2219"]
[BlackElo "2331"]
[PlyCount "80"]
[EventDate "2013.04.03"]
[EventType "tourn"]
[EventRounds "5"]
[EventCountry "CAN"]

1. d4 Nf6 2. c4 g6 3. Nc3 Bg7 4. e4 d6 5. f4 O-O 6. Nf3 c5 7. d5 e6 8. Be2 exd5
9. cxd5 Nbd7 10. O-O Re8 11. Nd2 a6 12. a4 Rb8 13. Kh1 Nb6 14. Re1 h5 15. h3
Ng4 16. Bxg4 hxg4 17. g3 gxh3 18. a5 Nd7 19. Nc4 Nf6 20. Qf3 Bg4 21. Qd3 Bh5
22. Bd2 Ng4 23. Rf1 Bd4 24. Be3 Nxe3 25. Nxe3 f5 26. g4 fxg4 27. Ne2 Qh4 28.
Nd1 Bg7 29. Qg3 Qe7 30. Ndc3 b5 31. axb6 Rxb6 32. Ra2 Reb8 33. Rb1 Rb4 34. Qd3
Qh4 35. Kg1 Rxb2 36. Raxb2 Rxb2 37. Ra1 Bd4+ 38. Kh1 Qf2 39. Rg1 Bxc3 40. Qxa6
Qf3+ 0-1

[Event "Mercredi 2013.04.03 ABCD"]
[Site "Montreal CAN"]
[Date "2013.04.05"]
[Round "4"]
[White "Levkovsky, Alexandre"]
[Black "Chiku-Ratte, Olivier-Kenta"]
[Result "1-0"]
[WhiteElo "2252"]
[BlackElo "2219"]
[PlyCount "109"]
[EventDate "2013.04.03"]
[EventType "tourn"]
[EventRounds "5"]
[EventCountry "CAN"]

1. d4 Nf6 2. c4 c5 3. d5 e6 4. Nc3 exd5 5. cxd5 d6 6. Nf3 g6 7. Bf4 a6 8. a4
Bg7 9. h3 O-O 10. e3 Re8 11. Be2 Ne4 12. Nxe4 Rxe4 13. Ra2 Rb4 14. b3 Nd7 15.
Bxd6 Qb6 16. Be7 Bf6 17. Bxf6 Nxf6 18. Bc4 Bf5 19. Ne5 Rd8 20. O-O Be4 21. a5
Qc7 22. Ng4 Nxg4 23. hxg4 g5 24. f3 Bg6 25. Qa1 Qd6 26. Kf2 Re8 27. Qc3 Re5 28.
g3 f6 29. e4 Re8 30. Rc1 Rc8 31. Qe3 Bf7 32. Re2 Qc7 33. Ra2 Qd6 34. Rd2 Kf8
35. Qc3 Kg7 36. Be2 Rc7 37. Rdc2 c4 38. Bxc4 Qc5+ 39. Qe3 Qxa5 40. e5 Bxd5 41.
exf6+ Kxf6 42. Qd4+ Ke7 43. Qe5+ Kd8 44. Qd6+ Kc8 45. Bxd5 Qb6+ 46. Qxb6 Rxb6
47. Rxc7+ Kd8 48. Rxh7 a5 49. Bxb7 Rxb7 50. Rxb7 a4 51. bxa4 Ke8 52. a5 Kf8 53.
a6 Ke8 54. a7 Kd8 55. a8=R# 1-0

[Event "Mercredi 2013.04.03 ABCD"]
[Site "Montreal CAN"]
[Date "2013.05.01"]
[Round "5"]
[White "Chiku-Ratte, Olivier-Kenta"]
[Black "Lopez Linares, Lizandro"]
[Result "1-0"]
[WhiteElo "2219"]
[BlackElo "2061"]
[PlyCount "67"]
[EventDate "2013.04.03"]
[EventType "tourn"]
[EventRounds "5"]
[EventCountry "CAN"]

1. d4 e6 2. c4 f5 3. Nc3 Nf6 4. g3 d5 5. Bg2 c6 6. Nh3 Bd6 7. O-O O-O 8. Bf4 b6
9. Bxd6 Qxd6 10. Nf4 Bb7 11. cxd5 exd5 12. Qc2 g6 13. Rad1 Nbd7 14. f3 Rae8 15.
e4 fxe4 16. fxe4 dxe4 17. Nxe4 Nxe4 18. Bxe4 Rf6 19. Qc4+ Kg7 20. Rfe1 Nf8 21.
Bg2 Rd8 22. d5 b5 23. Qc3 b4 24. Qc4 c5 25. Qe2 Ba6 26. Qe7+ Rf7 27. Qg5 Bc8
28. Qe5+ Qxe5 29. Rxe5 Rd6 30. Nd3 Nd7 31. Re6 Ra6 32. Rxa6 Bxa6 33. Nf4 Bb7
34. Ne6+ 1-0

[Event "Mauricie op"]
[Site "Trois-Rivieres CAN"]
[Date "2013.03.15"]
[Round "1"]
[White "Yang, Ryan2"]
[Black "Chiku-Ratte, Olivier-Kenta"]
[Result "0-1"]
[WhiteElo "1866"]
[BlackElo "2153"]
[PlyCount "80"]
[EventDate "2013.03.15"]
[EventType "swiss"]
[EventRounds "5"]
[EventCountry "CAN"]

1. c4 c5 2. Nc3 Nc6 3. g3 g6 4. Bg2 Bg7 5. e3 e5 6. Nge2 Nge7 7. O-O O-O 8. a3
a5 9. Nd5 d6 10. Nec3 Rb8 11. Rb1 Be6 12. b3 Qd7 13. Bb2 Bh3 14. Nxe7+ Nxe7 15.
Nb5 Bxg2 16. Kxg2 d5 17. Qe2 Rfd8 18. Rfd1 d4 19. b4 d3 20. Qf3 axb4 21. axb4
cxb4 22. Ba1 Nc6 23. Rdc1 Ra8 24. c5 Ra2 25. Nd6 Rxd2 26. Rd1 Rc2 27. Rxd3 Rxc5
28. Rbd1 Qe7 29. Qe2 e4 30. Nxe4 Qxe4+ 31. f3 Qe7 32. Rxd8+ Nxd8 33. Bxg7 Kxg7
34. Qd2 Ne6 35. Qb2+ Rc3 36. Rc1 Qf6 37. Rb1 b3 38. Qa1 Rc2+ 39. Kg1 Qxa1 40.
Rxa1 b2 0-1

[Event "Mauricie op"]
[Site "Trois-Rivieres CAN"]
[Date "2013.03.16"]
[Round "2"]
[White "Chiku-Ratte, Olivier-Kenta"]
[Black "Qin, Zi Yi (Joey)"]
[Result "1-0"]
[WhiteElo "2153"]
[BlackElo "2459"]
[PlyCount "59"]
[EventDate "2013.03.15"]
[EventType "swiss"]
[EventRounds "5"]
[EventCountry "CAN"]

1. d4 Nf6 2. c4 g6 3. Nc3 Bg7 4. e4 d6 5. f4 O-O 6. Nf3 c5 7. d5 e6 8. Be2 exd5
9. cxd5 Bg4 10. O-O Nbd7 11. h3 Bxf3 12. Bxf3 Re8 13. g4 Nb6 14. g5 Nfd7 15.
Qc2 Nc4 16. Qd3 Na5 17. Be3 a6 18. Rae1 b5 19. e5 dxe5 20. d6 Rc8 21. f5 e4 22.
Bxe4 Ne5 23. Qd5 Nac4 24. fxg6 hxg6 25. Bxc5 Qxg5+ 26. Kh1 Red8 27. Bg2 Rd7 28.
Ne4 Qd8 29. b3 Nb2 30. Bd4 1-0

[Event "Mauricie op"]
[Site "Trois-Rivieres CAN"]
[Date "2013.03.16"]
[Round "3"]
[White "Sambuev, Bator"]
[Black "Chiku-Ratte, Olivier-Kenta"]
[Result "1-0"]
[WhiteElo "2579"]
[BlackElo "2153"]
[PlyCount "55"]
[EventDate "2013.03.15"]
[EventType "swiss"]
[EventRounds "5"]
[EventCountry "CAN"]

1. d4 Nf6 2. Nf3 c5 3. e3 b6 4. Bd3 g6 5. e4 Bb7 6. e5 Nd5 7. c4 Nb4 8. d5 e6
9. Be4 exd5 10. cxd5 d6 11. a3 N4a6 12. Nc3 dxe5 13. d6 Bxe4 14. Nxe4 Bg7 15.
Bg5 Qd7 16. Nf6+ Bxf6 17. Bxf6 O-O 18. O-O Nc6 19. Re1 e4 20. Ng5 Qf5 21. Nxe4
Rae8 22. g4 Qe6 23. Bc3 Nd4 24. Bxd4 cxd4 25. g5 Kg7 26. Qxd4+ Qe5 27. Qd2 Nc5
28. Nf6 1-0

[Event "Mauricie op"]
[Site "Trois-Rivieres CAN"]
[Date "2013.03.17"]
[Round "4"]
[White "Chiku-Ratte, Olivier-Kenta"]
[Black "Djerkovic, Miladin"]
[Result "0-1"]
[WhiteElo "2153"]
[BlackElo "2287"]
[PlyCount "66"]
[EventDate "2013.03.15"]
[EventType "swiss"]
[EventRounds "5"]
[EventCountry "CAN"]

1. d4 d5 2. c4 e6 3. Nc3 c5 4. cxd5 cxd4 5. Qa4+ Bd7 6. Qxd4 exd5 7. e3 Nc6 8.
Qd1 Nf6 9. Nf3 Bg4 10. Be2 Bc5 11. O-O O-O 12. Na4 Bd6 13. b3 Qe7 14. Bb2 Rad8
15. Rc1 Rfe8 16. Re1 Ne4 17. g3 Bb4 18. Bc3 Nxc3 19. Nxc3 d4 20. Nxd4 Nxd4 21.
exd4 Bxc3 22. Rxc3 Bxe2 23. Qc2 Qe4 24. Qd2 Qg4 25. h3 Qh5 26. g4 Qa5 27. a3
Bb5 28. b4 Qb6 29. d5 Rxe1+ 30. Qxe1 Qd4 31. Rc5 Be8 32. Qc1 a6 33. Rc8 Qxd5
0-1

[Event "Mauricie op"]
[Site "Trois-Rivieres CAN"]
[Date "2013.03.18"]
[Round "5"]
[White "Poirier, Erik"]
[Black "Chiku-Ratte, Olivier-Kenta"]
[Result "1/2-1/2"]
[WhiteElo "2057"]
[BlackElo "2153"]
[PlyCount "85"]
[EventDate "2013.03.15"]
[EventType "swiss"]
[EventRounds "5"]
[EventCountry "CAN"]

1. d4 Nf6 2. c4 c5 3. d5 e6 4. Nc3 exd5 5. cxd5 d6 6. e4 g6 7. f4 Bg7 8. Bb5+
Nbd7 9. e5 dxe5 10. fxe5 Nh5 11. e6 Qh4+ 12. g3 Nxg3 13. hxg3 Qxh1 14. Be3
Bxc3+ 15. bxc3 a6 16. exd7+ Bxd7 17. Bxd7+ Kxd7 18. Qb3 b5 19. O-O-O Rhe8 20.
Bxc5 Qg2 21. d6 Re6 22. Bb4 a5 23. Ba3 Qc6 24. Ne2 Rc8 25. Bb2 Qc4 26. Nd4 Qxb3
27. axb3 Rxd6 28. Nxb5 Rxd1+ 29. Kxd1 Rc5 30. Nd4 Rg5 31. Ne2 h5 32. c4 a4 33.
bxa4 Rc5 34. Bd4 Rxc4 35. a5 Ra4 36. Bb6 Ra1+ 37. Kc2 g5 38. Kd3 Ke6 39. Kc4 h4
40. gxh4 gxh4 41. Kb5 Kf5 42. a6 Rb1+ 43. Ka5 1/2-1/2

[Event "Gatineau op"]
[Site "Gatineau CAN"]
[Date "2013.03.02"]
[Round "2"]
[White "Chiku-Ratte, Olivier-Kenta"]
[Black "Sadeghi, Saeid"]
[Result "1-0"]
[WhiteElo "2236"]
[BlackElo "2026"]
[PlyCount "59"]
[EventDate "2013.03.01"]
[EventType "swiss"]
[EventRounds "5"]
[EventCountry "CAN"]

1. d4 Nf6 2. c4 g6 3. Nc3 d5 4. cxd5 Nxd5 5. e4 Nxc3 6. bxc3 Bg7 7. Nf3 c5 8.
Rb1 Qa5 9. Bd2 Qxa2 10. Bb5+ Bd7 11. Be2 Ba4 12. Qc1 Qc2 13. Qxc2 Bxc2 14. Rxb7
Bxe4 15. Rc7 Nc6 16. Ng5 Kd8 17. Bf4 Ne5 18. Nxe4 Kxc7 19. dxe5 Kb6 20. O-O a5
21. Rb1+ Ka7 22. Be3 Rab8 23. Bxc5+ Ka8 24. Bb5 Rhc8 25. Bd4 f6 26. exf6 Bxf6
27. Nxf6 exf6 28. Rb3 Rb7 29. Kf1 f5 30. c4 1-0

[Event "Gatineau op"]
[Site "Gatineau CAN"]
[Date "2013.03.02"]
[Round "3"]
[White "Dunne, Francesco"]
[Black "Chiku-Ratte, Olivier-Kenta"]
[Result "1-0"]
[WhiteElo "1859"]
[BlackElo "2236"]
[PlyCount "75"]
[EventDate "2013.03.01"]
[EventType "swiss"]
[EventRounds "5"]
[EventCountry "CAN"]

1. e4 c5 2. Nc3 Nc6 3. g3 g6 4. Bg2 Bg7 5. d3 d6 6. Be3 e6 7. Qd2 Rb8 8. Nf3
Nd4 9. Bxd4 cxd4 10. Nb5 e5 11. Qb4 Bf8 12. Nxa7 Bd7 13. Nb5 Qb6 14. a4 d5 15.
Qb3 dxe4 16. Nxe5 Be6 17. Nc4 Qc5 18. Bxe4 Nf6 19. Bg2 Be7 20. O-O O-O 21. Rfe1
Rfc8 22. Qa3 Bxc4 23. Qxc5 Bxc5 24. dxc4 Bb4 25. Red1 Rxc4 26. Rxd4 Rxd4 27.
Nxd4 Bc5 28. c3 b6 29. b4 Bxd4 30. cxd4 Nd7 31. a5 bxa5 32. bxa5 Rb4 33. a6
Rxd4 34. Bc6 Nb6 35. Rb1 Nd5 36. Bxd5 Rxd5 37. a7 Ra5 38. Rb8+ 1-0

[Event "Gatineau op"]
[Site "Gatineau CAN"]
[Date "2013.03.03"]
[Round "5"]
[White "Lebrun, Roger"]
[Black "Chiku-Ratte, Olivier-Kenta"]
[Result "0-1"]
[WhiteElo "1924"]
[BlackElo "2236"]
[PlyCount "98"]
[EventDate "2013.03.01"]
[EventType "swiss"]
[EventRounds "5"]
[EventCountry "CAN"]

1. d4 Nf6 2. Nf3 c5 3. e3 b6 4. Bd3 Bb7 5. Nbd2 d6 6. O-O g6 7. c3 Bg7 8. Re1
O-O 9. e4 cxd4 10. Nxd4 Nbd7 11. N4f3 Qc7 12. h3 Nc5 13. Bc2 Nfd7 14. a4 Ba6
15. Nb3 Bc4 16. Nxc5 Nxc5 17. Nd4 Rfd8 18. Nb3 d5 19. Nxc5 Qxc5 20. Be3 d4 21.
cxd4 Bxd4 22. Bxd4 Rxd4 23. Qc1 Rad8 24. Rd1 Rxd1+ 25. Bxd1 Qd4 26. Bf3 Rc8 27.
Qc3 Qxc3 28. bxc3 Bb3 29. a5 b5 30. Be2 Bc4 31. Bg4 Be6 32. Bxe6 fxe6 33. Ra3
Rc4 34. a6 Rxe4 35. Ra5 Re1+ 36. Kh2 Rb1 37. Ra2 Kf7 38. h4 Rb3 39. Ra5 Ke8 40.
g3 Kd7 41. Kg2 Kc6 42. h5 Rxc3 43. hxg6 hxg6 44. Ra2 b4 45. Kf1 b3 46. Rb2 Kb5
47. Kg2 Kb4 48. Re2 Ka3 49. Re5 b2 0-1

[Event "Mercredi 2013.02.20 ABCD"]
[Site "Montreal CAN"]
[Date "2013.03.08"]
[Round "1"]
[White "Chiku-Ratte, Olivier-Kenta"]
[Black "Arsenault, Nicolas"]
[Result "1-0"]
[WhiteElo "2194"]
[BlackElo "2130"]
[PlyCount "85"]
[EventDate "2013.02.20"]
[EventType "tourn"]
[EventRounds "5"]
[EventCountry "CAN"]

1. d4 Nf6 2. c4 e6 3. Nc3 Bb4 4. e3 O-O 5. Nge2 d5 6. a3 Be7 7. cxd5 exd5 8.
Nf4 c6 9. Bd3 Re8 10. O-O Bd6 11. f3 Bxf4 12. exf4 b6 13. b4 Nbd7 14. Bb2 Bb7
15. Ne2 Qe7 16. Kh1 a5 17. b5 c5 18. Re1 c4 19. Bc2 Qe3 20. Bc3 h5 21. Qd2 Nf8
22. Ng3 Qxd2 23. Bxd2 g6 24. f5 Rxe1+ 25. Rxe1 Re8 26. Rxe8 Nxe8 27. a4 Bc8 28.
fxg6 fxg6 29. Bf4 Kf7 30. Kg1 Ne6 31. Be5 Nf6 32. Ne2 Nd7 33. f4 Nxe5 34. fxe5
g5 35. Kf2 Ng7 36. Nc3 Be6 37. Bd1 g4 38. Bc2 h4 39. Ke3 Nh5 40. Ne2 h3 41. g3
Kg7 42. Kf2 Bf7 43. Bf5 1-0

[Event "Mercredi 2013.02.20 ABCD"]
[Site "Montreal CAN"]
[Date "2013.02.27"]
[Round "2"]
[White "Chiku-Ratte, Olivier-Kenta"]
[Black "Boudreau, Daniel"]
[Result "1-0"]
[WhiteElo "2194"]
[BlackElo "2087"]
[PlyCount "105"]
[EventDate "2013.02.20"]
[EventType "tourn"]
[EventRounds "5"]
[EventCountry "CAN"]

1. d4 Nf6 2. c4 e6 3. Nc3 Bb4 4. e3 Ne4 5. Nge2 b6 6. Qc2 Bb7 7. a3 Nxc3 8.
bxc3 Ba5 9. Ng3 O-O 10. f3 f5 11. Bd3 Qh4 12. O-O Rf6 13. Rf2 Rh6 14. Nf1 c5
15. g3 Qh5 16. e4 cxd4 17. Bxh6 Bxc3 18. Rd1 gxh6 19. exf5 e5 20. Nd2 Bxd2 21.
Rdxd2 Bxf3 22. g4 Bxg4 23. Rg2 Kh8 24. Be4 Nc6 25. Bxc6 dxc6 26. Qe4 Qxf5 27.
Rxg4 Rf8 28. Qxf5 Rxf5 29. Rdg2 Rf8 30. Re4 Rf5 31. Rge2 Kg7 32. Rxe5 Rf3 33.
Re7+ Kg6 34. R2e6+ Kg5 35. Rg7+ Kh5 36. Re5+ Kh4 37. Rxa7 c5 38. Rxh7 Rxa3 39.
Rxh6+ Kg4 40. Rxb6 Kf4 41. Rxc5 Ke3 42. Re6+ Kd3 43. Rd6 Ra4 44. Kg2 Kc3 45.
Kf3 d3 46. Ke3 Ra2 47. Rxd3+ Kb4 48. Rh5 Kxc4 49. Rh4+ Kc5 50. Kf4 Kc4 51. Rd8
Ra5 52. Rh7 Rc5 53. h4 1-0

[Event "Mercredi 2013.02.20 ABCD"]
[Site "Montreal CAN"]
[Date "2013.03.06"]
[Round "3"]
[White "Levkovsky, Alexandre"]
[Black "Chiku-Ratte, Olivier-Kenta"]
[Result "1/2-1/2"]
[WhiteElo "2227"]
[BlackElo "2194"]
[PlyCount "82"]
[EventDate "2013.02.20"]
[EventType "tourn"]
[EventRounds "5"]
[EventCountry "CAN"]

1. d4 Nf6 2. c4 c5 3. d5 e6 4. Nc3 exd5 5. cxd5 d6 6. Nf3 g6 7. Bf4 a6 8. a4
Bg7 9. h3 O-O 10. e3 Re8 11. Be2 Ne4 12. Nxe4 Rxe4 13. Nd2 Rb4 14. Nc4 Bf5 15.
Ra2 a5 16. O-O Na6 17. b3 Bf8 18. g4 Bc8 19. e4 Bd7 20. Bd2 b5 21. axb5 Bxb5
22. Nxa5 Bxe2 23. Qxe2 Rb6 24. Nc6 Qc8 25. Rfa1 Nc7 26. Rxa8 Nxa8 27. Ra7 Rxb3
28. Ba5 Nb6 29. Bxb6 Rxb6 30. e5 Qe8 31. f4 dxe5 32. fxe5 Rxc6 33. dxc6 Qxc6
34. Qc4 Qf3 35. e6 Qg3+ 36. Kf1 Qxh3+ 37. Kf2 Qh2+ 38. Kf3 Qh1+ 39. Kf2 Qh2+
40. Kf3 Qh1+ 41. Kf2 Qh2+ 1/2-1/2

[Event "Mercredi 2013.02.20 ABCD"]
[Site "Montreal CAN"]
[Date "2013.03.13"]
[Round "4"]
[White "Chiku-Ratte, Olivier-Kenta"]
[Black "Tremblay, Alain"]
[Result "1-0"]
[WhiteElo "2194"]
[BlackElo "2112"]
[PlyCount "107"]
[EventDate "2013.02.20"]
[EventType "tourn"]
[EventRounds "5"]
[EventCountry "CAN"]

1. d4 d5 2. c4 c6 3. Nf3 Nf6 4. Nc3 a6 5. c5 Nbd7 6. Bf4 Nh5 7. Bd2 Nhf6 8. Bf4
Nh5 9. Bd2 Nhf6 10. Qc1 g6 11. h3 Bg7 12. Bf4 b6 13. cxb6 Qxb6 14. e3 O-O 15.
Be2 c5 16. dxc5 Qxc5 17. O-O Bb7 18. Rd1 Rac8 19. Ne5 e6 20. Qd2 Rfd8 21. Rac1
Qb4 22. Nd3 Qe7 23. Na4 Ne4 24. Qa5 e5 25. Bh2 Qd6 26. f3 Nef6 27. Nac5 Ba8 28.
Qxa6 Rc6 29. Qa5 Nxc5 30. Rxc5 Bh6 31. Rxc6 Bxe3+ 32. Kh1 Bxc6 33. Bxe5 Qe7 34.
Qc3 Nd7 35. Bc7 Rc8 36. Qxc6 Bb6 37. Bd6 Rxc6 38. Bxe7 Re6 39. Nf4 Rxe7 40. Bb5
Nf6 41. g4 Re5 42. Kg2 d4 43. a4 Re3 44. Bc4 g5 45. Ne2 Re7 46. Rd2 Bc5 47.
Nxd4 Bb4 48. Re2 Rc7 49. b3 Bc5 50. Nf5 Rd7 51. Nh6+ Kg7 52. Nxf7 h6 53. Ne5
Rd1 54. Nd3 1-0

[Event "Mercredi 2013.02.20 ABCD"]
[Site "Montreal CAN"]
[Date "2013.03.20"]
[Round "5"]
[White "Cardin, Guillaume"]
[Black "Chiku-Ratte, Olivier-Kenta"]
[Result "1/2-1/2"]
[WhiteElo "2120"]
[BlackElo "2194"]
[PlyCount "122"]
[EventDate "2013.02.20"]
[EventType "tourn"]
[EventRounds "5"]
[EventCountry "CAN"]

1. d4 Nf6 2. c4 c5 3. d5 e6 4. Nc3 exd5 5. cxd5 d6 6. Nf3 g6 7. Bf4 a6 8. a4
Bg7 9. h3 O-O 10. e3 Re8 11. Nd2 Nbd7 12. Be2 Ne5 13. O-O Nfd7 14. Qc2 b6 15.
Bh2 f5 16. b3 Qc7 17. Nc4 Nf7 18. Rab1 Rb8 19. b4 cxb4 20. Rxb4 Bxc3 21. Qxc3
b5 22. axb5 axb5 23. Rc1 bxc4 24. Rxc4 Qd8 25. Qa3 Nfe5 26. Rc7 Nc5 27. Qa7 Rb7
28. Rxb7 Nxb7 29. Bb5 Re7 30. Qb8 Nc5 31. Bxe5 Rb7 32. Qxd6 Qxd6 33. Bxd6 Rxb5
34. Bxc5 Bd7 35. f3 Rb2 36. Bd4 Rb5 37. Rc5 Rxc5 38. Bxc5 Bb5 39. g4 Bc4 40. e4
fxe4 41. fxe4 Bd3 42. e5 Bc4 43. d6 Be6 44. Kf2 Kf7 45. Kf3 h5 46. gxh5 gxh5
47. h4 Bg4+ 48. Kf4 Ke6 49. Bb6 Be2 50. Bd8 Bd1 51. Bf6 Be2 52. Kg5 Bg4 53. Kg6
Be2 54. Kg7 Bf3 55. Kf8 Bc6 56. Bg5 Bb5 57. Bd2 Bc6 58. Bb4 Bd7 59. Kg7 Kxe5
60. Kf7 Kd5 61. Ke7 Kc6 1/2-1/2

[Event "Carnaval"]
[Site "Quebec CAN"]
[Date "2013.02.16"]
[Round "2"]
[White "Chiku-Ratte, Olivier-Kenta"]
[Black "Dorion, Francois"]
[Result "1-0"]
[WhiteElo "2228"]
[BlackElo "1662"]
[PlyCount "59"]
[EventDate "2013.02.15"]
[EventType "swiss"]
[EventRounds "5"]
[EventCountry "CAN"]

1. d4 e6 2. c4 Bb4+ 3. Nc3 Nf6 4. e3 O-O 5. Nge2 d5 6. a3 Bxc3+ 7. Nxc3 c6 8.
Bd3 Re8 9. O-O e5 10. b3 e4 11. Be2 Nbd7 12. cxd5 cxd5 13. Bd2 a6 14. Rc1 Nf8
15. Na4 Ng6 16. Qc2 Ng4 17. Qc7 Nxh2 18. Qxd8 Rxd8 19. Kxh2 Nh4 20. Nb6 Rb8 21.
Rxc8 Rbxc8 22. Nxc8 Rxc8 23. Rc1 Re8 24. Rc7 g5 25. Bh5 Ng6 26. Bxg6 hxg6 27.
Rxb7 Rc8 28. Ba5 Rc2 29. Kg3 f5 30. Bc7 1-0

[Event "Carnaval"]
[Site "Quebec CAN"]
[Date "2013.02.16"]
[Round "3"]
[White "Larochelle, Martial"]
[Black "Chiku-Ratte, Olivier-Kenta"]
[Result "1-0"]
[WhiteElo "2186"]
[BlackElo "2228"]
[PlyCount "117"]
[EventDate "2013.02.15"]
[EventType "swiss"]
[EventRounds "5"]
[EventCountry "CAN"]

1. Nf3 c5 2. c4 Nf6 3. g3 g6 4. Bg2 Bg7 5. Nc3 O-O 6. O-O Nc6 7. d4 cxd4 8.
Nxd4 Nxd4 9. Qxd4 d6 10. Qd3 a6 11. Bd2 Bf5 12. e4 Be6 13. b3 Ng4 14. Rac1 Rb8
15. Nd5 Ne5 16. Qe3 b5 17. cxb5 axb5 18. Bb4 Ra8 19. Rc2 Bxd5 20. exd5 Qd7 21.
Rfc1 Qf5 22. h3 Qd3 23. Bc3 Qxe3 24. fxe3 Nd3 25. Bxg7 Kxg7 26. Ra1 Nb4 27. Rc7
Rfe8 28. a4 bxa4 29. Rxa4 Rab8 30. Be4 f5 31. Rc4 Na6 32. Rxa6 fxe4 33. Rxe4
Rxb3 34. Rxd6 exd6 35. Rxe8 Rd3 36. e4 Rxg3+ 37. Kh2 Re3 38. Re6 h5 39. h4 Kf7
40. Kg2 Kg7 41. Kf2 Rh3 42. Rxd6 Rxh4 43. e5 Re4 44. Rd7+ Kf8 45. e6 g5 46.
Rf7+ Ke8 47. Rf5 Rd4 48. Ke3 Rd1 49. Ke4 Ke7 50. Rf7+ Ke8 51. Ke5 Re1+ 52. Kd6
g4 53. Rh7 Kf8 54. e7+ Kg8 55. Rxh5 Kf7 56. Rf5+ Kg7 57. Rg5+ Kf7 58. Rxg4 Rxe7
59. Rg7+ 1-0

[Event "Carnaval"]
[Site "Quebec CAN"]
[Date "2013.02.17"]
[Round "5"]
[White "Arsenault, Nicolas"]
[Black "Chiku-Ratte, Olivier-Kenta"]
[Result "1-0"]
[WhiteElo "2090"]
[BlackElo "2229"]
[PlyCount "87"]
[EventDate "2013.02.15"]
[EventType "swiss"]
[EventRounds "5"]
[EventCountry "CAN"]

1. e4 c5 2. Nf3 d6 3. d4 cxd4 4. Nxd4 Nf6 5. Nc3 g6 6. Be3 Bg7 7. f3 Nc6 8. Qd2
O-O 9. g4 Be6 10. Nxe6 fxe6 11. O-O-O Ne5 12. Be2 Qc8 13. h4 Nc4 14. Bxc4 Qxc4
15. Bh6 Rf7 16. Bxg7 Rxg7 17. Kb1 e5 18. h5 b5 19. hxg6 hxg6 20. b3 Qc5 21. g5
Nh5 22. Nd5 Rf8 23. Rh3 Rgf7 24. Rdh1 Rxf3 25. Nxe7+ Kg7 26. Nf5+ R3xf5 27.
exf5 Rxf5 28. Rc3 Qb6 29. Rd3 Qf2 30. Qxf2 Rxf2 31. Rxd6 Rg2 32. Rd7+ Kg8 33.
Rxa7 Rxg5 34. Rd1 Rf5 35. Rd8+ Rf8 36. Rxf8+ Kxf8 37. Rb7 Nf6 38. Rxb5 Nd7 39.
a4 Ke7 40. a5 Nf6 41. a6 Ne8 42. a7 Nc7 43. Rb7 Kd8 44. Rxc7 1-0

[Event "Quebec-ch U20"]
[Site "Montreal CAN"]
[Date "2013.02.08"]
[Round "1"]
[White "Ouellet, Maili-Jade"]
[Black "Chiku-Ratte, Olivier-Kenta"]
[Result "0-1"]
[WhiteElo "1552"]
[BlackElo "2207"]
[PlyCount "86"]
[EventDate "2013.02.08"]
[EventType "swiss"]
[EventRounds "5"]
[EventCountry "CAN"]

1. d4 Nf6 2. c4 c5 3. d5 e6 4. Nc3 exd5 5. cxd5 d6 6. e4 g6 7. f4 Bg7 8. Nf3
O-O 9. Be2 Bg4 10. h3 Bxf3 11. Bxf3 Re8 12. O-O Nbd7 13. Re1 Qa5 14. a3 c4 15.
Be3 Nc5 16. Bxc5 Qxc5+ 17. Kh1 Nd7 18. Rc1 b5 19. Qc2 Nb6 20. Re2 a5 21. Rce1
b4 22. Na4 b3 23. Nxc5 bxc2 24. Nb7 Bxb2 25. Rxc2 Bxa3 26. Rb1 Bb4 27. Nxd6
Bxd6 28. Rxb6 Bxf4 29. Rxc4 a4 30. Rc2 a3 31. Ra2 Reb8 32. Rxa3 Rxa3 33. Rxb8+
Bxb8 34. Kg1 Ra2 35. Kf1 Bg3 36. Bd1 Kg7 37. Bf3 Kf6 38. Bg4 Ke5 39. Bd7 Rf2+
40. Kg1 Re2 41. Bb5 Re1+ 42. Bf1 h6 43. h4 h5 0-1

[Event "Quebec-ch U20"]
[Site "Montreal CAN"]
[Date "2013.02.09"]
[Round "2"]
[White "Chiku-Ratte, Olivier-Kenta"]
[Black "Alcantara, Maximo"]
[Result "1-0"]
[WhiteElo "2207"]
[BlackElo "1877"]
[PlyCount "41"]
[EventDate "2013.02.08"]
[EventType "swiss"]
[EventRounds "5"]
[EventCountry "CAN"]

1. d4 Nf6 2. c4 e6 3. Nc3 c5 4. d5 d6 5. e4 exd5 6. cxd5 Bg4 7. f3 Bh5 8. Nge2
Nbd7 9. Nf4 a6 10. a4 g5 11. Nxh5 Nxh5 12. g3 Be7 13. Be2 Ng7 14. O-O h5 15. f4
g4 16. e5 dxe5 17. d6 Bf6 18. Nd5 O-O 19. fxe5 Bxe5 20. Ne7+ Kh8 21. Qd2 1-0

[Event "Quebec-ch U20"]
[Site "Montreal CAN"]
[Date "2013.02.09"]
[Round "3"]
[White "Kraiouchkine, Nikita"]
[Black "Chiku-Ratte, Olivier-Kenta"]
[Result "1/2-1/2"]
[WhiteElo "2325"]
[BlackElo "2207"]
[PlyCount "87"]
[EventDate "2013.02.08"]
[EventType "swiss"]
[EventRounds "5"]
[EventCountry "CAN"]

1. d4 Nf6 2. Nc3 c5 3. d5 g6 4. e4 d6 5. f4 Bg7 6. Nf3 O-O 7. Bc4 a6 8. a4 e6
9. O-O exd5 10. Bxd5 Nxd5 11. Nxd5 Re8 12. Qd3 Nc6 13. f5 Nd4 14. Nxd4 Bxd4+
15. Kh1 Bd7 16. c3 Bg7 17. f6 Bf8 18. c4 Bc6 19. b3 Bxd5 20. exd5 Qd7 21. a5
Qg4 22. Bf4 Re2 23. Bg3 Rae8 24. Rae1 Rxe1 25. Rxe1 Rxe1+ 26. Bxe1 Qf4 27. Qf3
Qc1 28. Qc3 Qf4 29. Kg1 Bh6 30. Bg3 Qe4 31. Kf2 Qf5+ 32. Kg1 Bg5 33. Bxd6 Bxf6
34. Qe1 Bd4+ 35. Kh1 Kg7 36. h3 h5 37. b4 cxb4 38. Bxb4 Kh7 39. Qd1 Be5 40. Qc1
Qd3 41. Kg1 Bd4+ 42. Kh1 Be5 43. Qe1 Bg3 44. Qc1 1/2-1/2